[Event "It (open) \"]
[Site "Bol (Croatia)"]
[Date "2010.09.15"]
[Round "3"]
[White "Martinovic Sasa (CRO)"]
[Black "Biti Ozren (CRO)"]
[Result "1/2-1/2"]
[WhiteElo "2507"]
[BlackElo "2370"]

1.d4 Nf6 2.c4 Nc6 3.Nf3 e6 4.a3 d6 5.Nc3 g6 6.g3 Bg7 7.Bg2 O-O 8.O-O Re8 9.b4
e5 10.dxe5 dxe5 11.Bb2 e4 12.Ng5 {#d} 1/2-1/2

[Event "Ch Bulgaria (students)"]
[Site "Sofia (Bulgaria)"]
[Date "2010.11.07"]
[Round "6"]
[White "Bojchev Marian (BUL)"]
[Black "Kukov Velislav (BUL)"]
[Result "0-1"]
[WhiteElo "2400"]
[BlackElo "2395"]

1.d4 Nf6 2.c4 Nc6 3.Nf3 e6 4.Nc3 Bb4 5.e3 O-O 6.Bd3 d6 7.Qc2 e5 8.d5 Bxc3+
9.Qxc3 Ne7 10.O-O e4 {#R} 0-1

[Event "It (cat.6)"]
[Site "Zenica (Bosnia & Herzegovina)"]
[Date "2010.11.13"]
[Round "7"]
[White "Saric Sinisa (SRB)"]
[Black "Dizdarevic Emir (CRO)"]
[Result "1/2-1/2"]
[WhiteElo "2446"]
[BlackElo "2475"]

1.d4 Nf6 2.c4 b6 3.Nc3 Bb7 4.Qc2 d5 5.cxd5 Nxd5 6.Nf3 Nxc3 7.bxc3 Nd7 8.e4 e5
9.Bd3 Bd6 10.O-O O-O 11.dxe5 Bxe5 12.Nxe5 Nxe5 {#d} 1/2-1/2

[Event "Ch City"]
[Site "Petropavlovsk-Kamchatsky (Russia)"]
[Date "2010.12.22"]
[Round "7"]
[White "Afonin Mikhail (RUS)"]
[Black "Frolov Alexander G (RUS)"]
[Result "1-0"]
[WhiteElo "2005"]
[BlackElo "2111"]

1.d4 Nf6 2.c4 b6 3.Nc3 d5 4.Bf4 a6 5.e3 Bb7 6.Nf3 Nc6 7.cxd5 Nxd5 8.Nxd5 Qxd5
9.Bxc7 Qa5+ 10.Qd2 Qb5 11.Bxb5 {#r} 1-0

[Event "Ch City (1/2 final)"]
[Site "St. Petersburg (Russia)"]
[Date "2011.02.12"]
[Round "2"]
[White "Pankov German (RUS)"]
[Black "Androsov Sergey (RUS)"]
[Result "1-0"]
[WhiteElo "2392"]
[BlackElo "2088"]

1.d4 Nf6 2.c4 b6 3.Nc3 Bb7 4.Qc2 e6 5.e4 Bb4 6.Bd3 c5 7.d5 Qe7 8.Ne2 d6 9.O-O
Bxc3 10.Qxc3 Nbd7 11.f4 O-O 12.Ng3 Rfe8 13.Bd2 b5 14.dxe6 Qxe6 15.Rae1 bxc4
16.Bxc4 d5 17.exd5 Qb6 18.Nf5 Ne4 19.Qxg7# 1-0

[Event "Memorial P.Keres (open)"]
[Site "Vancouver (Canada)"]
[Date "2011.05.21"]
[Round "2"]
[White "Salcedo Daniel (CAN)"]
[Black "Orlov Georgi (USA)"]
[Result "0-1"]
[WhiteElo "2088"]
[BlackElo "2479"]

1.d4 Nf6 2.c4 Nc6 3.d5 Ne5 4.Qc2 e6 5.e4 Bc5 6.h3 d6 7.Be2 O-O 8.Nf3 Nxf3+
9.Bxf3 exd5 10.cxd5 Nd7 11.g3 f5 12.O-O Ne5 13.Bg2 fxe4 14.Qxe4 Bf5 15.Qa4 Bd3
16.Rd1 Rxf2 17.Qa5 Rf1+ {#R} 0-1

[Event "It \"]
[Site "Bad Homburg (Germany)"]
[Date "2011.06.25"]
[Round "5"]
[White "Happel Juergen (GER)"]
[Black "Desor Helmut (GER)"]
[Result "1/2-1/2"]
[WhiteElo "1528"]
[BlackElo "1791"]

1.d4 Nf6 2.c4 c6 3.Nc3 g6 4.Nf3 Bg7 5.Bf4 a6 6.h3 d5 7.e3 O-O 8.Be2 dxc4
9.Bxc4 Nd5 10.Bxd5 cxd5 11.O-O e6 12.Rc1 Nc6 13.a3 Bd7 14.b4 b5 {#d} 1/2-1/2

[Event "Ch Switzerland (open)"]
[Site "Leukerbad (Switzerland)"]
[Date "2011.07.08"]
[Round "2"]
[White "Grandadam Patrick (SUI)"]
[Black "Filipovic Branko (CRO)"]
[Result "1/2-1/2"]
[WhiteElo "2160"]
[BlackElo "2403"]

1.d4 Nf6 2.c4 b6 3.Nf3 Bb7 4.g3 g6 5.Bg2 Bg7 6.O-O O-O 7.Nc3 Ne4 8.Qd3 Nxc3
9.bxc3 d6 10.e4 Nc6 {#d} 1/2-1/2

[Event "Cup Nadezhda (open)"]
[Site "Nizhnij Novgorod (Russia)"]
[Round "0"]
[White "Mylnikov Vasily (RUS)"]
[Black "Marsak Viktor D (RUS)"]
[Result "1/2-1/2"]
[WhiteElo "1773"]
[BlackElo "2006"]

1.d4 Nf6 2.c4 Nc6 3.Nf3 e6 4.g3 Bb4+ 5.Nbd2 O-O 6.Bg2 Ne4 7.a3 Nxd2 8.Bxd2
Bxd2+ 9.Qxd2 Qf6 10.O-O d6 11.Rac1 e5 12.d5 Ne7 13.c5 Rd8 14.Rfd1 {#d} 1/2-1/2

[Event "Ch Hungary (juniors) (team)"]
[Site "Miskolc (Hungary)"]
[Date "2011.11.05"]
[Round "6"]
[White "Suhajda Attila (HUN)"]
[Black "Szalay Balazs"]
[Result "1/2-1/2"]
[WhiteElo "1921"]
[BlackElo "1849"]

1.d4 Nf6 2.c4 Nc6 3.Nf3 e6 4.a3 g6 5.Nc3 Bg7 6.e4 d6 7.Be2 O-O 8.O-O Re8 9.Be3
e5 10.d5 Nd4 11.b4 Nxe2+ 12.Qxe2 {#d} 1/2-1/2

[Event "Cup Belgrade (open)"]
[Site "Obrenovac (Serbia)"]
[Date "2011.11.30"]
[Round "7"]
[White "Maksimovic Marko (SRB)"]
[Black "Skurikhin Dmitrij (RUS)"]
[Result "1/2-1/2"]
[WhiteElo "2193"]
[BlackElo "2345"]

1.d4 Nf6 2.c4 c6 3.Bf4 d5 4.e3 Bf5 5.Nc3 e6 6.Qb3 Qb6 7.c5 Qxb3 8.axb3 Nbd7
9.b4 Nh5 10.Bg5 h6 11.Bh4 g5 12.Be2 gxh4 13.Bxh5 Rg8 14.g3 Be7 15.Nge2 Bf6
16.f4 Ke7 17.Kf2 a6 18.Bf3 {#d} 1/2-1/2

[Event "It (open)"]
[Site "Montevideo (Uruguay)"]
[Date "2012.02.10"]
[Round "2"]
[White "Guerrero Alvaro (URU)"]
[Black "Roselli Mailhe Bernardo (URU)"]
[Result "1/2-1/2"]
[WhiteElo "2151"]
[BlackElo "2421"]

1.d4 Nf6 2.c4 Nc6 3.Nf3 e6 4.Bg5 h6 5.Bh4 g5 6.Bg3 Bb4+ 7.Nc3 Ne4 8.Rc1 Qf6
9.e3 d6 10.Be2 e5 11.O-O Bxc3 12.bxc3 h5 13.dxe5 dxe5 14.Qd5 Nxg3 15.fxg3 {#d}
1/2-1/2

[Event "Ch Belgium (juniors) (under 16)"]
[Site "Brugge (Belgium)"]
[Date "2012.04.11"]
[Round "6"]
[White "De Strycker Nathan"]
[Black "Fontaine Quentin"]
[Result "1/2-1/2"]
[WhiteElo "1983"]
[BlackElo "1621"]

1.d4 Nf6 2.c4 Nc6 3.Nf3 e6 4.e3 d6 5.Nc3 g6 6.Be2 Bg7 7.b3 O-O 8.Bb2 Bd7 9.Nd2
e5 10.d5 Ne7 11.Qc2 c5 12.O-O-O b5 13.Nxb5 Bxb5 14.cxb5 Nfxd5 15.a3 Qc7 16.Bf3
Rad8 17.h4 h6 18.e4 Nf4 {#d} 1/2-1/2

[Event "Ch Vojvodina (open)"]
[Site "Novi Sad (Serbia)"]
[Date "2012.06.30"]
[Round "3"]
[White "Musicki Stevan (SRB)"]
[Black "Cabarkapa Velibor (SRB)"]
[Result "0-1"]
[WhiteElo "2118"]
[BlackElo "2271"]

1.d4 Nf6 2.c4 a6 3.Nc3 c5 4.d5 b5 5.f3 b4 6.Ne4 Nxe4 7.fxe4 e5 8.Nf3 d6 9.Qc2
Be7 10.Bd2 O-O 11.a3 {#R} 0-1

[Event "Cup President"]
[Site "Abudhabi (United Arab Emirates)"]
[Date "2012.07.04"]
[Round "8"]
[White "Issa Mohammed (UAE)"]
[Black "Al-Mallahi Dawood (UAE)"]
[Result "1/2-1/2"]
[WhiteElo "1781"]
[BlackElo "1565"]

1.d4 Nf6 2.c4 b6 3.b3 Bb7 4.Bb2 e6 5.Nd2 d5 6.cxd5 exd5 7.Ngf3 c5 8.e3 Be7
9.Be2 O-O 10.O-O cxd4 {#d} 1/2-1/2

[Event "Ch Pan-American (amateurs)"]
[Site "Cartagena (Colombia)"]
[Date "2012.07.05"]
[Round "3"]
[White "Zapata Olga Maria"]
[Black "Solarte Quintero Agustin"]
[Result "0-1"]
[WhiteElo "1755"]
[BlackElo "1621"]

1.d4 Nf6 2.c4 b6 3.Nc3 Bb7 4.d5 e6 5.e4 Bb4 6.Bd3 exd5 7.cxd5 Qe7 8.Qe2 c6
9.dxc6 Bxc6 10.f3 O-O 11.Bd2 Re8 12.O-O-O d5 13.Nxd5 Bxd5 14.Bxb4 Qxb4 15.Kb1
Be6 16.Qc2 Rc8 17.Qf2 Bxa2+ 18.Ka1 Bb3 {#R} 0-1

[Event "Ch Norway"]
[Site "Sandefjord (Norway)"]
[Date "2012.07.08"]
[Round "2"]
[White "Holm Kristian Stuvik (NOR)"]
[Black "Getz Nicolai (NOR)"]
[Result "1/2-1/2"]
[WhiteElo "2310"]
[BlackElo "2354"]

1.c4 b6 2.d4 Nf6 3.Nc3 d5 4.Nf3 Bb7 5.e3 e6 6.Be2 Be7 7.O-O O-O 8.cxd5 Nxd5
9.Nxd5 Qxd5 10.b3 Nd7 11.Bb2 c5 12.dxc5 Nxc5 13.Qxd5 Bxd5 14.Rac1 Rfd8 15.Rfd1
Kf8 {#d} 1/2-1/2

[Event "It \"]
[Site "Berlin (Germany)"]
[Date "2012.07.13"]
[Round "7"]
[White "Albrecht Rainer (GER)"]
[Black "Bjarnehag Peter (SWE)"]
[Result "1/2-1/2"]
[WhiteElo "2102"]
[BlackElo "2177"]

1.d4 Nf6 2.c4 a6 3.Nc3 c5 4.d5 b5 5.e4 b4 6.Na4 d6 7.Bd3 e5 8.f4 exf4 9.Bxf4
Nbd7 10.Nf3 Be7 11.O-O Ng4 12.a3 bxa3 13.Rxa3 O-O 14.Be2 Nge5 15.Nxe5 Nxe5
16.Bxe5 dxe5 17.Bg4 {#d} 1/2-1/2

[Event "Ch Germany (juniors) (Internet) (under 18) (final)"]
[Site "Internet"]
[Date "2012.09.15"]
[Round "6"]
[White "Carow Johannes (GER)"]
[Black "Berchtenbreiter Maximilian (GER)"]
[Result "1/2-1/2"]
[WhiteElo "2216"]
[BlackElo "2336"]

1.d4 Nf6 2.c4 a6 3.Nc3 c5 4.dxc5 e6 5.Bf4 Bxc5 6.e3 O-O 7.Nf3 d5 8.Qc2 Nc6
9.a3 dxc4 10.Bxc4 b5 11.Be2 Qb6 12.O-O Bb7 13.b4 Be7 14.Rfd1 Rfd8 15.Rac1 h6
16.Qb3 Rac8 17.Rxd8+ Rxd8 18.Rd1 Rxd1+ 19.Qxd1 {#d} 1/2-1/2

[Event "Memorial G H Raisoni (juniors) (under 15)"]
[Site "Nagpur (India)"]
[Date "2012.09.19"]
[Round "4"]
[White "Pranav Vijay (IND)"]
[Black "Aurangabadkar Prasad (IND)"]
[Result "1-0"]
[WhiteElo "2123"]
[BlackElo "1798"]

1.d4 Nf6 2.c4 Nc6 3.Nf3 e6 4.g3 Bb4+ 5.Bd2 Bxd2+ 6.Qxd2 d6 7.Bg2 O-O 8.O-O Qe7
9.Nc3 e5 10.Nd5 Nxd5 11.cxd5 Nb8 12.dxe5 dxe5 13.Rac1 f6 14.Qc3 c6 15.Nd2 Rd8
16.Nb3 cxd5 17.Qxc8 Rxc8 18.Bxd5+ {#r} 1-0